Trends in developing economies: Extracts: Vol. 1, Eastern Europe and Central Asia (Record no. 81433)

MARC details
000 -LEADER
fixed length control field 00952nam a2200181 a 4500
008 - FIXED-LENGTH DATA ELEMENTS--GENERAL INFORMATION
fixed length control field 140612s1993 ||||||||||||||||| || u
050 ## - LIBRARY OF CONGRESS CALL NUMBER
Classification number IBRD(058)TDE/E
110 ## - MAIN ENTRY--CORPORATE NAME
Corporate name or jurisdiction name as entry element World Bank
245 10 - TITLE STATEMENT
Title Trends in developing economies: Extracts: Vol. 1, Eastern Europe and Central Asia
260 ## - PUBLICATION, DISTRIBUTION, ETC.
Place of publication, distribution, etc. Washington, D. C.
Name of publisher, distributor, etc. World Bank
Date of publication, distribution, etc. 1993
300 ## - PHYSICAL DESCRIPTION
Extent x, 101p.: ill.
362 1# -
-- 1993 - 1995
650 ## - SUBJECT ADDED ENTRY--TOPICAL TERM
Topical term or geographic name entry element ECONOMIC DEVELOPMENT--ASIA, CENTRAL
650 ## - SUBJECT ADDED ENTRY--TOPICAL TERM
Topical term or geographic name entry element ECONOMIC DEVELOPMENT--EUROPE, EASTERN
995 ## -
-- SPECIAL COLLECTIONS
-- 026603
-- CBU-MAIN LIBRARY (Kitwe)
-- IBRD(058)TDE/E/1994/1
-- 2
-- AVAILABLE
-- Jun 12, 2014
-- 026603
-- International Publications
995 ## -
-- SPECIAL COLLECTIONS
-- 025489
-- CBU-MAIN LIBRARY (Kitwe)
-- IBRD(058)TDE/E/1993/1
-- 1
-- AVAILABLE
-- Jun 12, 2014
-- 025489
-- International Publications
995 ## -
-- SPECIAL COLLECTIONS
-- 025089
-- CBU-MAIN LIBRARY (Kitwe)
-- IBRD(058)TDE/E/1995/1
-- 3
-- AVAILABLE
-- Jun 12, 2014
-- 025089
-- International Publications
999 ## -
-- 81433
-- 81433
Holdings
Withdrawn status Lost status Source of classification or shelving scheme Damaged status Not for loan Permanent Location Current Location Shelving location Date acquired Total Checkouts Full call number Barcode Date last seen Copy number Price effective from Koha item type
          CBU-MAIN LIBRARY, KITWE. CBU-MAIN LIBRARY, KITWE.   08/18/2023   IBRD(058)TDE/E/1994/1 026603 08/18/2023 1 08/18/2023 SPECIAL COLLECTION
          CBU-MAIN LIBRARY, KITWE. CBU-MAIN LIBRARY, KITWE.   08/18/2023   IBRD(058)TDE/E/1993/1 025489 08/18/2023 2 08/18/2023 SPECIAL COLLECTION
          CBU-MAIN LIBRARY, KITWE. CBU-MAIN LIBRARY, KITWE.   08/18/2023   IBRD(058)TDE/E/1995/1 025089 08/18/2023 3 08/18/2023 SPECIAL COLLECTION